Teresa de Jesús y Juan de la Cruz : (Record no. 197719)

MARC details
000 -LEADER
campo de control de longitud fija 01236nam a2200325 i 4500
001 - NÚMERO DE CONTROL
campo de control 197719
003 - IDENTIFICADOR DE NÚMERO DE CONTROL
campo de control ES-MaACL
005 - FECHA Y HORA DE LA ÚLTIMA TRANSACCIÓN
campo de control 20251212171857.0
008 - DATOS DE LONGITUD FIJA--INFORMACIÓN GENERAL
campo de control de longitud fija 250519b2025 sp ||||| |||| 00| 0 spa d
017 ## - NÚMERO DE COPYRIGHT O DE DEPÓSITO LEGAL
Número de copyright o de depósito legal M 9392-2025
020 ## - NÚMERO INTERNACIONAL ESTÁNDAR DEL LIBRO
Número Internacional Estándar del Libro 9788490415290
040 ## - FUENTE DE CATALOGACIÓN
Lengua de catalogación spa
Centro/agencia transcriptor ES-MaACL
100 1# - ENTRADA PRINCIPAL--NOMBRE DE PERSONA
Nombre de persona Josa, Lola
9 (RLIN) 241236
Término indicativo de función/relación Autor
245 ## - MENCIÓN DEL TÍTULO
Título Teresa de Jesús y Juan de la Cruz :
Resto del título sin máscaras y descalzos /
Mención de responsabilidad, etc. Lola Josa.
250 ## - MENCION DE EDICION
Mención de edición Primera edición: mayo 2025
260 ## - PUBLICACIÓN, DISTRIBUCIÓN, ETC.
Lugar de publicación, distribución, etc. Madrid :
Nombre del editor, distribuidor, etc. Compañía de Teatro Nacional Clásico,
Fecha de publicación, distribución, etc. 2025.
300 ## - DESCRIPCIÓN FÍSICA
Extensión 89 páginas ;
Dimensiones 21 cm.
336 ## - TIPO DE CONTENIDO
Fuente rdacontent
Término de tipo de contenido texto
337 ## - TIPO DE MEDIO
Fuente rdamedia
Nombre/término del tipo de medio sin mediación
338 ## - TIPO DE SOPORTE
Fuente rdacarrier
Nombre/término del tipo de soporte volumen
600 00 - PUNTO DE ACCESO ADICIONAL DE MATERIA--NOMBRE DE PERSONA
9 (RLIN) 226510
Nombre de persona Teresa de Jesús,
Títulos y otros términos asociados al nombre Santa,
Fechas asociadas al nombre 1515-1582
600 04 - PUNTO DE ACCESO ADICIONAL DE MATERIA--NOMBRE DE PERSONA
Nombre de persona Juan de la Cruz,
Títulos y otros términos asociados al nombre Santo,
Fechas asociadas al nombre 1542-1591
9 (RLIN) 67110
655 #0 - TERMINO DE INDIZACIÓN--GENERO/FORMA
9 (RLIN) 176636
Datos o término principal de género/forma Ensayos
852 ## - LOCALIZACIÓN
Ubicación ES-MaACL
Ubicación en estantería Depósito J
Número de control de estantería N-10592
Anotaciones manuscritas Dedicatoria autógrafa de la autora
Donativo/Legado Donación: Lola Josa
Encuadernación Encuadernación rústica
itemnumber 206715
903 ## - NOMBRE PERSONAL DE DONANTE
9 241236
a Josa, Lola
e Donante
942 ## - ELEMENTOS DE ENTRADA SECUNDARIOS (KOHA)
Tipo de ítem Koha Libro impreso
Suprimir en OPAC No
Holdings
Estatus retirado Estado de pérdida Fuente del sistema de clasificación o colocación Estado de daño No para préstamo Colección Biblioteca de origen Biblioteca actual Ubicación en estantería Fecha de adquisición Fuente de adquisición Total de préstamos Signatura topográfica completa Código de barras Visto por última vez Precio de reemplazo Tipo de ítem Koha
    Clasificación decimal universal     Libros con dedicatorias Biblioteca del Ateneo de Madrid Biblioteca del Ateneo de Madrid Depósito J 29/08/2025 Donación   N-10592 2025-1091 29/08/2025 29/08/2025 Libro impreso